[Event "BCF-chT2 2425 (4NCL)"]
[Site "England"]
[Date "2025.01.26"]
[Round "4.43"]
[White "Goh, Jinghan Cameron"]
[Black "Pal, Rohan"]
[Result "1-0"]
[WhiteElo "2098"]
[BlackElo "2008"]
[PlyCount "71"]
[EventDate "2024.11.23"]
[EventType "team-tourn"]
[EventRounds "11"]
[EventCountry "ENG"]
[SourceTitle "CB14_2025"]
[SourceDate "2024.11.01"]
[SourceVersion "1"]
[SourceVersionDate "2024.11.01"]
[SourceQuality "1"]
[WhiteTeam "Cambridge University"]
[BlackTeam "Warwicks Select II"]
[WhiteTeamCountry "ENG"]
[BlackTeamCountry "ENG"]

1. d4 d5 2. c4 e6 3. Nf3 Nf6 4. g3 Be7 5. Bg2 0-0 6. 0-0 c6 7. Nc3 Nbd7 8. Qd3 b6 9. e4 Ba6 10. b3 dxe4 11. Nxe4 b5 12. Nxf6+ Bxf6 13. Bf4 bxc4 14. bxc4 c5 15. Rfd1 Rc8 16. Rac1 cxd4 17. Nxd4 Nc5 18. Qe3 Bxd4 19. Rxd4 Qa5 20. Be5 f6 21. Bd6 Rfe8 22. Rg4 Kf7 23. Rd1 Red8 24. Rgd4 Re8 25. Bf3 Bb7 26. Bh5+ Kg8 27. Bxe8 Rxe8 28. Bxc5 Qxc5 29. Rd8 Qc6 30. Rxe8+ Qxe8 31. Qc5 Bf3 32. Rd3 Be4 33. Rd4 Qb8 34. Qd6 Qb1+ 35. Rd1 Qxa2 36. Qxe6+ 1-0

[Event "Kingston op 3rd"]
[Site "Kingston Upon Thames"]
[Date "2024.08.15"]
[Round "6"]
[White "Skettos, Nicolas"]
[Black "Pal, Rohan"]
[Result "1/2-1/2"]
[WhiteElo "1985"]
[BlackElo "2046"]
[PlyCount "60"]
[EventDate "2024.08.12"]
[EventType "swiss"]
[EventRounds "9"]
[EventCountry "ENG"]
[SourceTitle "CBM 221 Extra"]
[Source "ChessBase"]
[SourceDate "2024.09.30"]
[SourceVersion "1"]
[SourceVersionDate "2024.09.30"]
[SourceQuality "1"]

1. e4 c5 2. Nf3 e6 3. d4 cxd4 4. Nxd4 Nf6 5. Nc3 Nc6 6. Nxc6 bxc6 7. e5 Nd5 8. Ne4 Qc7 9. f4 Qb6 10. c4 Bb4+ 11. Ke2 f5 12. exf6 Nxf6 13. Be3 Qd8 14. Nd6+ Bxd6 15. Qxd6 Bb7 16. Rd1 Rc8 17. Rg1 c5 18. g4 Rc6 19. Qd3 Rb6 20. b3 Qc7 21. Bg2 Nd5 22. Ke1 Nxe3 23. Qxe3 Bxg2 24. Rxg2 0-0 25. Rgd2 Qc6 26. Rxd7 Qh1+ 27. Kd2 Qxh2+ 28. Kc3 Qxa2 29. Rxg7+ Kxg7 30. Qe5+ Kg8 1/2-1/2

[Event "BCF-ch"]
[Site "Hull"]
[Date "2024.07.30"]
[Round "4"]
[White "Pal, Rohan"]
[Black "Banerjee, Supratit"]
[Result "0-1"]
[WhiteElo "2077"]
[BlackElo "2161"]
[PlyCount "52"]
[EventDate "2024.07.27"]
[EventType "swiss"]
[EventRounds "9"]
[EventCountry "ENG"]
[SourceTitle "CBM 221 Extra"]
[Source "ChessBase"]
[SourceDate "2024.09.30"]
[SourceVersion "1"]
[SourceVersionDate "2024.09.30"]
[SourceQuality "1"]

1. d4 d5 2. c4 e6 3. Nc3 Be7 4. Nf3 Nf6 5. Bg5 0-0 6. e3 Nbd7 7. Bd3 dxc4 8. Bxc4 c5 9. 0-0 Nb6 10. Bd3 cxd4 11. exd4 Nbd5 12. Qe2 h6 13. Nxd5 Nxd5 14. Bxe7 Qxe7 15. Qe4 Nf6 16. Qf4 Rd8 17. Rac1 Qd6 18. Qe3 b6 19. Bb1 Bb7 20. Rcd1 Ng4 21. Qd3 Bxf3 22. Qh7+ Kf8 23. g3 Bxd1 24. Rxd1 Qd5 25. Qh8+ Ke7 26. Qxg7 Qh5 0-1

[Event "BCF-chT3W 2324 (4NCL)"]
[Site "England"]
[Date "2024.05.04"]
[Round "9.11"]
[White "Michaud, Gerald"]
[Black "Pal, Rohan"]
[Result "0-1"]
[WhiteElo "1917"]
[BlackElo "2123"]
[PlyCount "90"]
[EventDate "2023.11.18"]
[EventType "team-tourn"]
[EventRounds "11"]
[EventCountry "ENG"]
[SourceTitle "EXT 2025"]
[Source "ChessBase"]
[SourceDate "2024.10.14"]
[SourceVersion "1"]
[SourceVersionDate "2024.10.14"]
[SourceQuality "1"]
[WhiteTeam "Sussex Martlets III"]
[BlackTeam "Warwicks Select II"]
[WhiteTeamCountry "ENG"]
[BlackTeamCountry "ENG"]

1. d4 Nf6 2. Nf3 d5 3. e3 Bf5 4. Nbd2 e6 5. c4 c6 6. Be2 Nbd7 7. 0-0 h6 8. b3 Bd6 9. Bb2 Qb8 10. h3 0-0 11. c5 Be7 12. b4 b6 13. Bc3 a5 14. a3 Qb7 15. Re1 a4 16. Ra2 Bh7 17. Rb2 Ne4 18. Nxe4 dxe4 19. Nd2 b5 20. f3 Bg5 21. Nf1 Nf6 22. f4 Nd5 23. Bd2 Be7 24. Nh2 f5 25. g3 g5 26. Kh1 Kh8 27. Bh5 Bf6 28. Rc2 Rg8 29. Rg1 Rg7 30. Bc1 Rag8 31. fxg5 Rxg5 32. Nf1 Bd8 33. Bb2 Bc7 34. Bf7 R8g7 35. Bxe6 Bg8 36. Bxd5 Bxd5 37. Rcg2 Qc8 38. Qe2 f4 39. gxf4 Qxh3+ 40. Nh2 Bxf4 41. Rxg5 hxg5 42. Bc1 Rh7 43. Rg2 Bc7 44. Kg1 g4 45. Qf2 Rf7 0-1

[Event "Basel Easter op"]
[Site "Basel"]
[Date "2024.04.01"]
[Round "8"]
[White "Pal, Rohan"]
[Black "Poysti, Nathanael Nicolai"]
[Result "1/2-1/2"]
[WhiteElo "2125"]
[BlackElo "2197"]
[PlyCount "79"]
[EventDate "2024.03.28"]
[EventType "swiss"]
[EventRounds "9"]
[EventCountry "SUI"]
[SourceTitle "CBM 219 Extra"]
[Source "ChessBase"]
[SourceDate "2024.05.31"]
[SourceVersion "1"]
[SourceVersionDate "2024.05.31"]
[SourceQuality "1"]

1. e4 c6 2. d4 d5 3. exd5 cxd5 4. Bd3 Nc6 5. c3 Nf6 6. Bf4 Bg4 7. Qb3 Qd7 8. Nd2 e6 9. Ngf3 Bd6 10. Bxd6 Qxd6 11. 0-0 0-0 12. Rfe1 Ne7 13. Ne5 Bf5 14. Re2 Rab8 15. a4 Bxd3 16. Nxd3 b6 17. Ree1 Nc6 18. Qd1 Qc7 19. Qf3 Na5 20. Ne5 a6 21. g4 Nd7 22. g5 Nxe5 23. Rxe5 Nc6 24. Re3 Ne7 25. Qg4 Nf5 26. Rh3 g6 27. Nf3 Kg7 28. Nh4 Nd6 29. Ng2 Rh8 30. Qf4 Rbc8 31. Ne3 Ne4 32. Qh4 Qe7 33. Qh6+ Kg8 34. f4 f5 35. a5 b5 36. Nc2 Qd6 37. Rf3 Qf8 38. Qxf8+ Kxf8 39. Nb4 Ra8 40. Kg2 1/2-1/2

[Event "BCF-chT3W 2324 (4NCL)"]
[Site "England"]
[Date "2024.03.09"]
[Round "7.32"]
[White "Eden, Tomer"]
[Black "Pal, Rohan"]
[Result "0-1"]
[WhiteElo "2154"]
[BlackElo "2123"]
[PlyCount "74"]
[EventDate "2023.11.18"]
[EventType "team-tourn"]
[EventRounds "11"]
[EventCountry "ENG"]
[SourceTitle "EXT 2025"]
[Source "ChessBase"]
[SourceDate "2024.10.14"]
[SourceVersion "1"]
[SourceVersionDate "2024.10.14"]
[SourceQuality "1"]
[WhiteTeam "Barnet Knights II"]
[BlackTeam "Warwicks Select II"]
[WhiteTeamCountry "ENG"]
[BlackTeamCountry "ENG"]

1. d4 Nf6 2. c4 e6 3. g3 d5 4. Bg2 Be7 5. Nf3 0-0 6. 0-0 c6 7. Qc2 b6 8. b3 Bb7 9. Rd1 Nbd7 10. Nc3 Qc7 11. Bf4 Bd6 12. Bxd6 Qxd6 13. e4 dxe4 14. Nxe4 Nxe4 15. Qxe4 Rfd8 16. Qc2 Nf6 17. Ne5 Rac8 18. Rd3 Nd7 19. Rad1 Qc7 20. Qe2 Ba8 21. f4 Nf6 22. g4 g6 23. Qf2 h5 24. f5 Nxg4 25. Nxg4 hxg4 26. f6 e5 27. Qh4 Qd6 28. dxe5 Qc5+ 29. Qf2 Rxd3 30. Rxd3 Qxe5 31. Re3 Qg5 32. h4 gxh3 33. Rxh3 c5 34. Rg3 Qc1+ 35. Kh2 Bxg2 36. Rxg2 Rd8 37. Qh4 Rd1 0-1

[Event "BCF-chT3W 2324 (4NCL)"]
[Site "England"]
[Date "2024.01.07"]
[Round "4.31"]
[White "Wilson, Edgar"]
[Black "Pal, Rohan"]
[Result "0-1"]
[WhiteElo "2008"]
[BlackElo "2088"]
[PlyCount "82"]
[EventDate "2023.11.18"]
[EventType "team-tourn"]
[EventRounds "11"]
[EventCountry "ENG"]
[SourceTitle "EXT 2025"]
[Source "ChessBase"]
[SourceDate "2024.10.14"]
[SourceVersion "1"]
[SourceVersionDate "2024.10.14"]
[SourceQuality "1"]
[WhiteTeam "Oxford II"]
[BlackTeam "Warwicks Select II"]
[WhiteTeamCountry "ENG"]
[BlackTeamCountry "ENG"]

1. e4 c5 2. Nf3 e6 3. d4 cxd4 4. Nxd4 Nf6 5. Nc3 Nc6 6. Ndb5 d6 7. Bf4 e5 8. Bg5 a6 9. Na3 b5 10. Nd5 Be7 11. Bxf6 Bxf6 12. c3 Rb8 13. Nc2 Bg5 14. g3 0-0 15. Bg2 Be6 16. 0-0 Ne7 17. Nce3 Bxe3 18. Nxe3 Qb6 19. Qe2 a5 20. Rfd1 b4 21. Qd3 bxc3 22. bxc3 Rfc8 23. c4 Rc6 24. Rab1 Qc7 25. Bf1 Rd8 26. Rb2 Rc5 27. Rdb1 Nc6 28. Rb7 Qc8 29. a3 Nd4 30. Qd1 g6 31. R7b6 Qa8 32. Nd5 Bxd5 33. cxd5 Qc8 34. h4 h5 35. Be2 Rc2 36. Bf3 Rd2 37. Qa4 Nxf3+ 38. Kg2 Nxh4+ 39. gxh4 Qg4+ 40. Kh1 Qxh4+ 41. Kg2 Rxf2+ 0-1